000
00213 a2200097 4500
001
47020
100
_a
Kahn D
245
_a
The Codebrcakers
260
_a
London
_b
Weidenfeld & Nicolson
_c
090
_c
30088
_d
30088
942
_a
NUST-CAE
_c
M
_c
22323
999
_c
282093
_d
282093